| 000 | 00778cam a2200265 i 4500 | ||
|---|---|---|---|
| 999 |
_c200435220 _d53432 |
||
| 001 | 200435220 | ||
| 003 | TR-AnTOB | ||
| 005 | 20190808142712.0 | ||
| 008 | 190225s2001 xxu d | 000 0 tur d | ||
| 020 | _a5847500750 | ||
| 040 |
_aTR-AnTOB _beng _erda _cTR-AnTOB |
||
| 041 | 0 |
_atur _arus |
|
| 050 | 1 | _aPL193.R9 | |
| 090 |
_aPL193.R9 _bY8 2001 |
||
| 100 | 1 |
_aYustindag, Olyana _eauthor _9124019 |
|
| 245 | 1 | 0 |
_aRussko-Turetskiy razgovornik / _cOlyana Yustindag. |
| 264 | 1 |
_aMoskva : _bMartin, _c2001. |
|
| 300 |
_a223 pages ; _c16 cm |
||
| 336 |
_2rdacontent _atext _btxt |
||
| 337 |
_2rdamedia _aunmediated _bn |
||
| 338 |
_2rdacarrier _avolume _bnc |
||
| 650 | 7 |
_aRus dili _vKonuşma ve deyim kitapları _2etuturkob _9124031 |
|
| 942 |
_2lcc _cBK |
||